Countries With The Most Inland Water - Statistics

General Stats
  • This quiz has been taken 447 times
  • The average score is 7 of 10
Answer Stats
Water in km2 Answer % Correct
364,502 United States
99%
891,163 Canada
98%
720,500 Russia
98%
270,550 China
94%
302,393 India
88%
77,810 Democratic Republic of the Congo
65%
93,000 Indonesia
62%
116,600 Iran
46%
100,210 Colombia
43%
104,300 Ethiopia
22%
No matching quizzes found
Score Distribution
Percent of People with Each Score
Percentile by Number Answered
Your Score History
You have not taken this quiz